Southville International School and Colleges
Your cart is empty.
  • Cart
  • Lists
    Public lists Eva Luna New books Lux_list list_1
    Your lists Log in to create your own lists
  • Log in to your account
  • Your cookies
  • Search history
Southville International School and Colleges
  • Advanced search
  • Recent comments
  • Most popular
  • Libraries

Log in to your account

Log in with GOOGLE


If you do not have an external account, but do have a local account, you can still log in:

  1. Home
  2. MARC view: Best friends /
Normal view MARC view ISBD view

Best friends / (Record no. 106332)

[ view plain ]
MARC details
000 -LEADER
fixed length control field 00421nam a2200169 a 4500
005 - DATE AND TIME OF LATEST TRANSACTION
control field 20140412111429.0
008 - FIXED-LENGTH DATA ELEMENTS--GENERAL INFORMATION
fixed length control field 090225s19uu xx 00 eng d
020 ## - INTERNATIONAL STANDARD BOOK NUMBER
International Standard Book Number 0-439-88776-3
050 ## - LIBRARY OF CONGRESS CALL NUMBER
Classification number ER
Item number Be35 2007
100 ## - MAIN ENTRY--PERSONAL NAME
Personal name Lee, Quinlan
245 ## - TITLE STATEMENT
Title Best friends /
Statement of responsibility, etc Quinlan Lee.
260 ## - PUBLICATION, DISTRIBUTION, ETC. (IMPRINT)
Place of publication, distribution, etc U.S.A :
Name of publisher, distributor, etc Scholastic,
Date of publication, distribution, etc 2007.
300 ## - PHYSICAL DESCRIPTION
Extent unp.
440 ## - SERIES STATEMENT/ADDED ENTRY--TITLE
Title Littlest petshop
650 ## - SUBJECT ADDED ENTRY--TOPICAL TERM
Topical term or geographic name as entry element Friendship
Holdings
Withdrawn status Lost status Damaged status Home library Current library Shelving location Date acquired Source of acquisition Cost, normal purchase price Total Checkouts Full call number Barcode Date last seen Price effective from Koha item type
      Elizalde Library Elizalde Library Easy Reading Section 02/25/2009   140.00   ER Be35 2007 E11597 04/12/2014 04/12/2014 Books

Best friends /

APA

Lee Q., . (2007). Best friends. U.S.A: Scholastic.

Chicago

Lee Quinlan, . 2007. Best friends. U.S.A: Scholastic.

Harvard

Lee Q., . (2007). Best friends. U.S.A: Scholastic.

MLA

Lee Quinlan, . Best friends. U.S.A: Scholastic. 2007.

  • Place hold
  • Print
  • Cite
  • Add to your cart (remove)
  • Save record
    BIBTEX Dublin Core MARCXML MARC (non-Unicode/MARC-8) MARC (Unicode/UTF-8) MARC (Unicode/UTF-8, Standard) MODS (XML) RIS
  • More searches
    Search for this title in:
    Other Libraries (WorldCat) Other Databases (Google Scholar) Online Stores (Bookfinder.com) Open Library (openlibrary.org)

Exporting to Dublin Core...

SOUTHVILLE LIBRARY

Southville International School and Colleges Library

1281 Tropical Ave. Cor. Luxembourg St., BF Homes International, Las Pinas City

Tel. No. 8256374 / 252358 Loc. 117/146

Powered by Koha